[Event "Canada Day op"]
[Site "Calgary"]
[Date "2010.07.03"]
[Round "5"]
[White "Wen, Jean Francois"]
[Black "Tot, Nandor"]
[Result "1/2-1/2"]
[WhiteElo "2114"]
[BlackElo "1967"]
[PlyCount "36"]
[EventDate "2010.07.02"]
[EventType "swiss"]
[EventRounds "7"]
[EventCountry "CAN"]
[SourceTitle "EXT 2019"]
[Source "ChessBase"]
[SourceDate "2018.10.10"]
[SourceVersion "1"]
[SourceVersionDate "2018.10.10"]
[SourceQuality "1"]

1. c4 Nf6 2. g3 e6 3. Bg2 d5 4. Nf3 Be7 5. 0-0 0-0 6. b3 c6 7. d4 a5 8. Qc2 a4 9. Bb2 a3 10. Bc3 Ne4 11. Ne5 Nxc3 12. Qxc3 Nd7 13. Nxd7 Bxd7 14. c5 e5 15. dxe5 f6 16. f4 fxe5 17. fxe5 Rxf1+ 18. Bxf1 b6 1/2-1/2

[Event "Canadian op"]
[Site "Edmonton"]
[Date "2009.07.18"]
[Round "8"]
[White "Gentes, Kevin"]
[Black "Tot, Nandor"]
[Result "1-0"]
[WhiteElo "2270"]
[BlackElo "1975"]
[PlyCount "73"]
[EventDate "2009.07.11"]
[EventType "swiss"]
[EventRounds "9"]
[EventCountry "CAN"]
[SourceTitle "CBM 132 Extra"]
[Source "ChessBase"]
[SourceDate "2009.11.03"]
[SourceVersion "1"]
[SourceVersionDate "2009.11.03"]
[SourceQuality "1"]

1. Nf3 Nf6 2. g3 b6 3. Bg2 Bb7 4. 0-0 c5 5. c4 g6 6. Nc3 Bg7 7. d4 cxd4 8. Nxd4 Bxg2 9. Kxg2 0-0 10. e4 d6 11. b3 Qd7 12. Bb2 Nc6 13. Rc1 Rfe8 14. Nxc6 Qxc6 15. f3 Nd7 16. Qd2 Nc5 17. Rfd1 a5 18. Nd5 f6 19. Qe3 g5 20. a4 Kf7 21. Bd4 e6 22. Bxc5 exd5 23. cxd5 Qxc5 24. Rxc5 bxc5 25. f4 h6 26. e5 Rab8 27. e6+ Ke7 28. Qd3 Rb7 29. Qa6 Reb8 30. Qxa5 gxf4 31. gxf4 f5 32. Rd3 h5 33. Qe1 h4 34. Qxh4+ Bf6 35. Qh7+ Kf8 36. Qxf5 Rg7+ 37. Rg3 1-0

[Event "Canadian op"]
[Site "Edmonton"]
[Date "2009.07.14"]
[Round "4"]
[White "Tot, Nandor"]
[Black "Langer, Mikhail"]
[Result "0-1"]
[WhiteElo "1975"]
[BlackElo "2263"]
[PlyCount "60"]
[EventDate "2009.07.11"]
[EventType "swiss"]
[EventRounds "9"]
[EventCountry "CAN"]
[SourceTitle "CBM 132 Extra"]
[Source "ChessBase"]
[SourceDate "2009.11.03"]
[SourceVersion "1"]
[SourceVersionDate "2009.11.03"]
[SourceQuality "1"]

1. d4 Nf6 2. Nf3 e6 3. c4 c5 4. Nc3 cxd4 5. Nxd4 Bc5 6. e3 0-0 7. Be2 d5 8. 0-0 dxc4 9. Bxc4 Qc7 10. Ncb5 Qe7 11. Qf3 Nbd7 12. Be2 a6 13. Nc3 Ne5 14. Qg3 Ng6 15. Nb3 Bb6 16. e4 Qb4 17. Be3 Nxe4 18. Nxe4 Qxe4 19. Bf3 Qb4 20. Bd2 Qe7 21. Rac1 e5 22. Rfe1 Be6 23. h4 Nxh4 24. Qxe5 Nxf3+ 25. gxf3 Qh4 26. Nc5 Rfe8 27. Re4 Qh3 28. Nxb7 Qxf3 29. Nd6 Bxf2+ 30. Kh2 Qh3# 0-1

[Event "Quebec op U2400"]
[Site "Montreal"]
[Date "2008.07.26"]
[Round "9"]
[White "Hambleton, Aman"]
[Black "Tot, Nandor"]
[Result "0-1"]
[WhiteElo "2012"]
[BlackElo "1959"]
[PlyCount "134"]
[EventDate "2008.07.19"]
[EventType "swiss"]
[EventRounds "9"]
[EventCountry "CAN"]
[SourceTitle "EXT 2011"]
[Source "ChessBase"]
[SourceDate "2010.11.26"]
[SourceVersion "1"]
[SourceVersionDate "2010.11.26"]
[SourceQuality "1"]

1. d4 Nf6 2. c4 e6 3. Nf3 Bb4+ 4. Bd2 Qe7 5. a3 Bxd2+ 6. Qxd2 Ne4 7. Qc2 d5 8. e3 0-0 9. Nc3 Nxc3 10. Qxc3 c6 11. Bd3 Nd7 12. Rc1 Re8 13. 0-0 dxc4 14. Qxc4 e5 15. Nxe5 Nxe5 16. dxe5 Qxe5 17. Qc2 h6 18. Rfd1 Be6 19. h3 a5 20. Qc3 Qg5 21. Kh2 Bd5 22. Bf1 b5 23. Rd2 Re6 24. Qd4 Re4 25. Qc5 Rae8 26. g3 Qf6 27. Bxb5 R4e6 28. Rf1 Re5 29. Be2 Bg2 30. Qxe5 Qxe5 31. Kxg2 Re6 32. Rc1 g5 33. Rc3 Rf6 34. Rc4 Qf5 35. Bg4 Qb5 36. Rcd4 c5 37. Rd5 Kg7 38. Be2 Qb6 39. Bc4 Qc6 40. e4 Re6 41. f3 Re7 42. Rf5 Qa4 43. Rxc5 Rb7 44. Bd5 Re7 45. Rc3 Qd7 46. Rcd3 Qc7 47. a4 h5 48. Rf2 h4 49. gxh4 gxh4 50. f4 Qd7 51. b3 Qd6 52. Rdf3 Rc7 53. f5 Kf6 54. Bc4 Rc8 55. Kh1 Qd1+ 56. Rf1 Qd2 57. Rd3 Qc2 58. Rd7 Qxe4+ 59. Kh2 Qe5+ 60. Kh1 Rf8 61. Rf3 Qe4 62. Bd5 Qe1+ 63. Kh2 Rc8 64. Rxf7+ Kg5 65. Rg7+ Kh6 66. Rg6+ Kh7 67. Rf4 Qd2+ 0-1

[Event "Grande Prairie Trumpeter op"]
[Site "Grande Prairie"]
[Date "2008.01.27"]
[Round "5"]
[White "Hughey, Micah"]
[Black "Tot, Nandor"]
[Result "1-0"]
[WhiteElo "2056"]
[BlackElo "1929"]
[PlyCount "65"]
[EventDate "2008.01.26"]
[EventType "swiss"]
[EventRounds "5"]
[EventCountry "CAN"]
[SourceTitle "EXT 2011"]
[Source "ChessBase"]
[SourceDate "2010.11.26"]
[SourceVersion "1"]
[SourceVersionDate "2010.11.26"]
[SourceQuality "1"]

1. e4 c5 2. c3 d5 3. exd5 Qxd5 4. d4 Nf6 5. Nf3 e6 6. Be3 cxd4 7. cxd4 Bb4+ 8. Nc3 0-0 9. Bd3 Nc6 10. a3 Bxc3+ 11. bxc3 Qa5 12. 0-0 Qxc3 13. Qd2 Qa5 14. Rfc1 Qh5 15. Rc5 Nd5 16. Rb1 f5 17. Qc2 Nxe3 18. fxe3 Qh6 19. Kf2 Ne7 20. Bc4 Kh8 21. Rc7 Ng6 22. d5 e5 23. Qc3 e4 24. Ng5 Ne5 25. Qxe5 Qxg5 26. d6 b5 27. Bxb5 Rb8 28. Rbc1 Rxb5 29. Rxc8 Qh4+ 30. Kg1 Rb8 31. d7 Qg5 32. Qxb8 Qxe3+ 33. Kh1 1-0

[Event "Canadian op"]
[Site "Edmonton"]
[Date "2005.07.11"]
[Round "4"]
[White "Panjwani, Raja"]
[Black "Tot, Nandor"]
[Result "1-0"]
[WhiteElo "2212"]
[BlackElo "1924"]
[PlyCount "55"]
[EventDate "2005.07.09"]
[EventType "swiss"]
[EventRounds "10"]
[EventCountry "CAN"]
[SourceTitle "CBM 107 Extra"]
[Source "ChessBase"]
[SourceDate "2005.09.01"]
[SourceVersion "1"]
[SourceVersionDate "2005.09.01"]
[SourceQuality "1"]

1. e4 c5 2. Nf3 d6 3. d4 cxd4 4. Nxd4 Nf6 5. Nc3 a6 6. Be2 e5 7. Nb3 b5 8. Bg5 Be7 9. a4 b4 10. Bxf6 bxc3 11. Bxe7 Qxe7 12. bxc3 0-0 13. Bc4 Qg5 14. 0-0 Bh3 15. Qf3 Be6 16. Qd3 Bg4 17. f3 Bh5 18. Kh1 Rd8 19. a5 Kh8 20. Ra4 Bg6 21. Rb4 f5 22. Rb6 Ra7 23. Rxd6 Rad7 24. Rxd7 Rxd7 25. Bd5 Rd6 26. c4 Be8 27. Qd2 Qh5 28. Qb4 1-0

[Event "Canadian op"]
[Site "Edmonton"]
[Date "2005.07.10"]
[Round "3"]
[White "Tot, Nandor"]
[Black "Panjwani, Dilip"]
[Result "1-0"]
[WhiteElo "1924"]
[BlackElo "1662"]
[PlyCount "57"]
[EventDate "2005.07.09"]
[EventType "swiss"]
[EventRounds "10"]
[EventCountry "CAN"]
[SourceTitle "CBM 107 Extra"]
[Source "ChessBase"]
[SourceDate "2005.09.01"]
[SourceVersion "1"]
[SourceVersionDate "2005.09.01"]
[SourceQuality "1"]

1. d4 Nf6 2. c4 e6 3. Nc3 Bb4 4. Qc2 0-0 5. Bg5 d5 6. e3 Nbd7 7. Nf3 Qe8 8. Bf4 Bd6 9. Bxd6 cxd6 10. cxd5 exd5 11. Nb5 Qe7 12. Bd3 Nb6 13. 0-0 Bg4 14. Nd2 Rac8 15. Qb3 a6 16. Na7 Qc7 17. Nxc8 Rxc8 18. a3 Be6 19. Qd1 Nc4 20. b3 Nxd2 21. Qxd2 Ne4 22. Bxe4 dxe4 23. d5 Bd7 24. Rac1 Qd8 25. Qb4 Bb5 26. Rfe1 Rxc1 27. Rxc1 f5 28. a4 a5 29. Qxb5 1-0

[Event "University of Alberta op"]
[Site "Edmonton"]
[Date "2005.05.07"]
[Round "2"]
[White "Reuter, Gerhard"]
[Black "Tot, Nandor"]
[Result "0-1"]
[WhiteElo "1823"]
[BlackElo "1921"]
[PlyCount "78"]
[EventDate "2005.05.07"]
[EventType "swiss"]
[EventRounds "5"]
[EventCountry "CAN"]
[SourceTitle "CBM 106 Extra"]
[Source "ChessBase"]
[SourceDate "2005.07.01"]
[SourceVersion "1"]
[SourceVersionDate "2005.07.01"]
[SourceQuality "1"]

1. e4 c5 2. Nf3 Nc6 3. d4 cxd4 4. Nxd4 e5 5. Nb5 d6 6. c4 a6 7. N5c3 Nf6 8. Bg5 Be6 9. Be2 Be7 10. 0-0 0-0 11. Nd2 Nd4 12. Rc1 Rc8 13. b3 Qa5 14. f4 exf4 15. Bxf4 b5 16. Bd3 Bg4 17. Qe1 Bh5 18. Nf3 Nxf3+ 19. gxf3 b4 20. Nd5 Nxd5 21. exd5 Rce8 22. a4 Bg5 23. Qg3 Qc5+ 24. Kg2 Bxf4 25. Qxf4 Qe3 26. Qxe3 Rxe3 27. Rcd1 Rfe8 28. Rd2 Bg6 29. Rfd1 Bh5 30. Rf1 R8e5 31. f4 Re8 32. f5 Bg4 33. Rf4 h5 34. f6 g5 35. Rff2 a5 36. Bf5 Be2 37. Bc2 g4 38. Rf5 Bf3+ 39. Rxf3 gxf3+ 0-1

[Event "University of Alberta op"]
[Site "Edmonton"]
[Date "2005.05.07"]
[Round "3"]
[White "Tot, Nandor"]
[Black "Lee, Vicente"]
[Result "0-1"]
[WhiteElo "1921"]
[BlackElo "2328"]
[PlyCount "48"]
[EventDate "2005.05.07"]
[EventType "swiss"]
[EventRounds "5"]
[EventCountry "CAN"]
[SourceTitle "CBM 106 Extra"]
[Source "ChessBase"]
[SourceDate "2005.07.01"]
[SourceVersion "1"]
[SourceVersionDate "2005.07.01"]
[SourceQuality "1"]

1. d4 d5 2. c4 e6 3. Nc3 Nf6 4. Nf3 c6 5. a4 Bb4 6. Qb3 a5 7. Bd2 dxc4 8. Qxc4 b6 9. Rd1 Ba6 10. Qb3 0-0 11. e3 Bxf1 12. Kxf1 Nbd7 13. Na2 Bxd2 14. Nxd2 Qc7 15. Rc1 e5 16. d5 Nc5 17. Qc2 cxd5 18. h4 Qd7 19. b3 Rac8 20. Qb1 e4 21. h5 Nd3 22. Rxc8 Rxc8 23. h6 Ng4 24. hxg7 Qf5 0-1

[Event "Southern Alberta op"]
[Site "Calgary"]
[Date "2002.11.17"]
[Round "4"]
[White "MacFie, Bob"]
[Black "Tot, Nandor"]
[Result "0-1"]
[WhiteElo "1729"]
[BlackElo "2148"]
[PlyCount "64"]
[EventDate "2002.11.16"]
[EventType "swiss"]
[EventRounds "5"]
[EventCountry "CAN"]
[SourceTitle "EXT 2017"]
[Source "ChessBase"]
[SourceDate "2016.10.25"]
[SourceVersion "1"]
[SourceVersionDate "2016.10.25"]
[SourceQuality "1"]

1. f4 d5 2. Nf3 Nf6 3. e3 e6 4. b3 Be7 5. Bb2 0-0 6. Be2 c5 7. 0-0 Nc6 8. d3 Ng4 9. Qd2 d4 10. exd4 f5 11. dxc5 Bxc5+ 12. d4 Bb6 13. Na3 e5 14. fxe5 Ncxe5 15. Nxe5 Nxe5 16. Nc4 Ng6 17. Nxb6 Qxb6 18. Kh1 Bd7 19. c4 f4 20. c5 Qc7 21. Bc4+ Kh8 22. Qc3 Rae8 23. Rae1 Rxe1 24. Rxe1 f3 25. gxf3 Nh4 26. d5 Bh3 27. d6 Bg2+ 28. Kg1 Qxc5+ 29. Re3 Nf5 30. Kxg2 Qxe3 31. Qxe3 Nxe3+ 32. Kf2 Nd1+ 0-1